000 00455nmm a2200145 a 4500
003 AR-BaBNM
005 20251128204012.0
008 013119s1877 ||||||||||||||000 | spa||
040 _cAR-BaBNM
110 1 _aEstados Unidos
_bCongress
_bHouse of Representatives
245 1 0 _aIndex to the miscellaneous document of the house of representatives for the first session
260 _a[S.l.]
_bGovernment printing Office
_c1877
942 _cBK
998 _cPazienza
999 _c5780
_d5780